Wage rises push service charges up (Record no. 61703)

MARC details
000 -LEADER
fixed length control field 00799cam a2200205 4500
001 - CONTROL NUMBER
control field WB3546-17
008 - FIXED-LENGTH DATA ELEMENTS--GENERAL INFORMATION
fixed length control field 000000n1999 000 0 eng u
035 ## - SYSTEM CONTROL NUMBER
System control number (Sirsi) u102715
245 ## - TITLE STATEMENT
Title Wage rises push service charges up
260 ## - PUBLICATION, DISTRIBUTION, ETC.
Date of publication, distribution, etc. 1999
490 ## - SERIES STATEMENT
Series statement Retail Week
Volume/sequential designation 19 November 1999, 20(1)
520 ## - SUMMARY, ETC.
Summary, etc. Jones Lang LaSalle's Retail OSCAR analysis shows that shopping centre service charges have risen by 3.75% in the last 12 months. A typical shopping centre tenant is now paying £32.83 per sq m, compared with £31.65 per sq m last year.Wage inflation is the main factor of the increase.
590 ## - LOCAL NOTE (RLIN)
Local note WB
650 ## - SUBJECT ADDED ENTRY--TOPICAL TERM
Topical term or geographic name entry element WAGE INCREASES
650 ## - SUBJECT ADDED ENTRY--TOPICAL TERM
Topical term or geographic name entry element SHOPPING CENTRES
650 ## - SUBJECT ADDED ENTRY--TOPICAL TERM
Topical term or geographic name entry element SERVICE CHARGES
650 ## - SUBJECT ADDED ENTRY--TOPICAL TERM
Topical term or geographic name entry element RETAIL RENTS
690 ## - LOCAL SUBJECT ADDED ENTRY--TOPICAL TERM (OCLC, RLIN)
Topical term or geographic name as entry element COMMERCIAL PROPERTY-MANAGEMENT
942 ## - ADDED ENTRY ELEMENTS (KOHA)
Suppress in OPAC 0
Holdings
Withdrawn status Lost status Source of classification or shelving scheme Damaged status Not for loan Home library Current library Shelving location Date acquired Total Checkouts Full call number Barcode Date last seen Copy number Price effective from Koha item type
    Dewey Decimal Classification     London London News article 24/11/1999   WB3546-17 102715-1001 06/08/2019 1 06/08/2019 Journal article